000 00788nam a2200217Ia 4500
003 GCL
008 140319s9999 xx 000 0 ara d
040 _aGCL /
_cGCL
082 0 4 _a821.094
_bل م
100 1 _aمحمد مصطفى بدوى
245 1 0 _aمختارات شعرية /
_cمحمد مصطفى بدوى
700 1 _aلاركن، فيليب
260 _aالقاهرة :
_bالمجلس الاعلى للثقافة ،
_c1998
300 _a155 ص ؛
_c18 سم
490 _aالمشروع القومى للترجمة
_v17
650 0 4 _aدواوين وقصائد
650 0 4 _aالشعر الانجليزى المترجم
650 0 4 _aالادب الانجليزى المترجم
650 0 4 _aالشعر الانجليزى - العصر الحديث
942 _2ddc
_cBK
999 _c29308
_d29308